Floors and flooring (Record no. 103214)

MARC details
000 -LEADER
fixed length control field 01466cam a2200325 4500
008 - FIXED-LENGTH DATA ELEMENTS--GENERAL INFORMATION
fixed length control field 031117n2003 000 0 eng u
020 ## - INTERNATIONAL STANDARD BOOK NUMBER
International Standard Book Number 1860816312
035 ## - SYSTEM CONTROL NUMBER
System control number (Sirsi) u124350
041 ## - LANGUAGE CODE
Language code of text/sound track or separate title eng
050 ## - LIBRARY OF CONGRESS CALL NUMBER
Classification number 690.16
-- 18
100 ## - MAIN ENTRY--PERSONAL NAME
Personal name Pye, P.W.
245 ## - TITLE STATEMENT
Title Floors and flooring
Remainder of title performance, diagnosis, maintenance, repair and the avoidance of defects
250 ## - EDITION STATEMENT
Edition statement 2nd ed.
260 ## - PUBLICATION, DISTRIBUTION, ETC.
Place of publication, distribution, etc. London
Name of publisher, distributor, etc. BRE
Date of publication, distribution, etc. 2003
300 ## - PHYSICAL DESCRIPTION
Extent vii, 303p.
Dimensions 30cm
350 ## - PRICE (NR) (BK AM CF MU VM SE) [OBSOLETE]
Price 45
490 ## - SERIES STATEMENT
Series statement BRE Building Elements
490 ## - SERIES STATEMENT
Series statement BR
Volume/sequential designation 460
520 ## - SUMMARY, ETC.
Summary, etc. Describes the materials and production methods and criteria which are used in the construction of floors and flooring. Emphasises the features of floors and flooring which ensure good performance and highlights what can go wrong in order so that defects can be avoided. Provides a checklist of points of concern and where to obtain further information and advice. Illustrations enhance points made in the text. Also includes case studies and a surveyor's inspection list appears at the end of each chapter on floor types and coverings.
520 ## - SUMMARY, ETC.
Summary, etc. Supersedes 1st edition (1860811736)
650 ## - SUBJECT ADDED ENTRY--TOPICAL TERM
Topical term or geographic name entry element BUILT ENVIRONMENT-BUILDING ELEMENTS-COMPLETE BUILDING ELEMENTS-FLOORS
650 ## - SUBJECT ADDED ENTRY--TOPICAL TERM
Topical term or geographic name entry element FLOORING
650 ## - SUBJECT ADDED ENTRY--TOPICAL TERM
Topical term or geographic name entry element PERFORMANCE
650 ## - SUBJECT ADDED ENTRY--TOPICAL TERM
Topical term or geographic name entry element Refurbishment
9 (RLIN) 6264
650 ## - SUBJECT ADDED ENTRY--TOPICAL TERM
Topical term or geographic name entry element REPAIR
650 ## - SUBJECT ADDED ENTRY--TOPICAL TERM
Topical term or geographic name entry element DEFECTS
690 ## - LOCAL SUBJECT ADDED ENTRY--TOPICAL TERM (OCLC, RLIN)
Topical term or geographic name as entry element BUILDING AND CONSTRUCTION-REPAIRS AND MAINTENANCE
700 ## - ADDED ENTRY--PERSONAL NAME
Personal name Harrison, H. W.
942 ## - ADDED ENTRY ELEMENTS (KOHA)
Suppress in OPAC 0
Holdings
Withdrawn status Lost status Source of classification or shelving scheme Damaged status Not for loan Home library Current library Shelving location Date acquired Cost, normal purchase price Total Checkouts Full call number Barcode Date last seen Date last checked out Copy number Cost, replacement price Price effective from Koha item type
    Dewey Decimal Classification     London London Folio 12/12/2003 45.00 12 F690.16 PYE 30068927 02/06/2026 07/07/2009 1 45.00 06/08/2019 Book